zpět

Detail výsledku týmu

Infinity c&c bar, Zlín

Datum a čas kvízu

29.5 Celkem bodů Celkový počet nahraných bodů na tomto kvízu bez doplňovacích otázek.
6. Pořadí na kvízu Konečné umístění týmu na tomto kvízu.

Zaznamenané odpovědi

# Otázka Odpověď Body Výsledky
1. Studentské volby do Evropského... vytrollíme europarlament 0
2. Britští archeologové získali z... Stonehenge 0
3. V Třeboni se minulý týden kona... animovanému filmu 0
4. Minulý týden představil Google... Pixel 0
5. Jak jistě víte, v pátek začalo... Švýcarsko 1
6. Toto téma jste si vybrali Vy s... Philip Zimbardo 1
7. Na konci 30. let 20. století b... C 0
8. Takzvaný Dunningův–Krugerův ef... A D 1
9. Solomon Asch v roce 1951 ve sv... čáry 0
10. Psychologické experimenty se n... B 1